000 01085nam a22002297a 4500
003 BUBTL
008 211208b ||||| |||| 00| 0 eng d
020 _a97898483833988
082 _a954.925/ J19e/ 2018
100 _94453
_aজাহাঙ্গীর, মো. শওকত
245 _aএকটি পতাকা একটি মানচিত্র একটি নাম বঙ্গবন্ধু /
_cমো. শওকত জাহাঙ্গীর, অরুন কুমার গোস্বামী
250 _a1sr Edn.
260 _aঢাকা :
_bসৃজনী,
_cc2018.
300 _a240 p. :
_c22 cm.
505 _aপতাকা, মানচিত্র, বঙ্গবন্ধু, মো. শওকত জাহাঙ্গীর, অরুন কুমার গোস্বামী
650 0 _93573
_aবঙ্গবন্ধু
650 0 _94372
_aBangabandhu
700 _94454
_aগোস্বামী, অরুন কুমার
856 _k0
_l0
_yDownload
942 _2ddc
_cBK
999 _c6605
_d6605